| 000 -LEADER |
| fixed length control field |
02070cam a2200337 a 4500 |
| 001 - CONTROL NUMBER |
| control field |
15109856 |
| 003 - CONTROL NUMBER IDENTIFIER |
| control field |
NUST |
| 005 - DATE AND TIME OF LATEST TRANSACTION |
| control field |
20220527100521.0 |
| 008 - FIXED-LENGTH DATA ELEMENTS--GENERAL INFORMATION |
| fixed length control field |
071212s2008 cau 000 1 eng |
| 010 ## - LIBRARY OF CONGRESS CONTROL NUMBER |
| LC control number |
2007050806 |
| 020 ## - INTERNATIONAL STANDARD BOOK NUMBER |
| International Standard Book Number |
9781596922891 |
| 020 ## - INTERNATIONAL STANDARD BOOK NUMBER |
| International Standard Book Number |
1596922893 |
| 035 ## - SYSTEM CONTROL NUMBER |
| System control number |
(OCoLC)ocn183928645 |
| 038 ## - RECORD CONTENT LICENSOR |
| Staff Name |
Arshad |
| 040 ## - CATALOGING SOURCE |
| Original cataloging agency |
DLC |
| Transcribing agency |
DLC |
| Modifying agency |
YDXCP |
| -- |
BAKER |
| -- |
BTCTA |
| -- |
C#P |
| -- |
BWX |
| -- |
UPZ |
| -- |
VP@ |
| -- |
CQU |
| -- |
DLC |
| 050 00 - LIBRARY OF CONGRESS CALL NUMBER |
| Classification number |
PS3552.A3613 |
| Item number |
P46 2008 |
| 082 00 - DEWEY DECIMAL CLASSIFICATION NUMBER |
| Classification number |
813.54 |
| Author Mark |
BAH |
| 100 1# - MAIN ENTRY--PERSONAL NAME |
| Personal name |
Bahr, Howard, |
| Dates associated with a name |
1946- |
| 9 (RLIN) |
7961 |
| 245 10 - TITLE STATEMENT |
| Title |
Pelican Road : |
| Remainder of title |
a novel / |
| Statement of responsibility, etc. |
by Howard Bahr. |
| 260 ## - PUBLICATION, DISTRIBUTION, ETC. |
| Place of publication, distribution, etc. |
San Francisco, CA : |
| Name of publisher, distributor, etc. |
MacAdam Cage, |
| Date of publication, distribution, etc. |
2008. |
| 300 ## - PHYSICAL DESCRIPTION |
| Extent |
299 p. ; |
| Dimensions |
24 cm. |
| 520 ## - SUMMARY, ETC. |
| Summary, etc. |
Christmas Eve, 1940. On the Pelican Road, an isolated stretch of railway between Meridian, Mississippi and New Orleans, two trains travel toward one another through the snow. A.P. Dunn, engineer aboard the 4512, a southbound freight, can remember every detail of the last trip he made in the snow, in 1923. What he can't recall are the events of a few hours ago: where he ate his breakfast, how he got the troublesome gash. On the northbound Silver Star, a luxury passenger train packed with returning college students and gift-bearing families, brakeman Artemus Kane has his own memories to contend with. Memories of French trenches and German snipers, of a failed marriage, of a too-short layover spent with Anna Rose Dangerfield, the brilliant and lonely woman he has just left behind in the Crescent City.--From publisher description. |
| 563 ## - BINDING INFORMATION |
| Binding note |
HBK |
| 650 #0 - SUBJECT ADDED ENTRY--TOPICAL TERM |
| Topical term or geographic name entry element |
Railroads |
| General subdivision |
Employees |
| Form subdivision |
Fiction. |
| 9 (RLIN) |
7962 |
| 650 #0 - SUBJECT ADDED ENTRY--TOPICAL TERM |
| Topical term or geographic name entry element |
Railroads |
| General subdivision |
Maintenance and repair |
| Form subdivision |
Fiction. |
| 9 (RLIN) |
7963 |
| 856 42 - ELECTRONIC LOCATION AND ACCESS |
| Materials specified |
Contributor biographical information |
| Uniform Resource Identifier |
<a href="http://www.loc.gov/catdir/enhancements/fy0917/2007050806-b.html">http://www.loc.gov/catdir/enhancements/fy0917/2007050806-b.html</a> |
| 856 42 - ELECTRONIC LOCATION AND ACCESS |
| Materials specified |
Publisher description |
| Uniform Resource Identifier |
<a href="http://www.loc.gov/catdir/enhancements/fy0917/2007050806-d.html">http://www.loc.gov/catdir/enhancements/fy0917/2007050806-d.html</a> |
| 906 ## - LOCAL DATA ELEMENT F, LDF (RLIN) |
| a |
7 |
| b |
cbc |
| c |
orignew |
| d |
1 |
| e |
ecip |
| f |
20 |
| g |
y-gencatlg |
| 942 ## - ADDED ENTRY ELEMENTS (KOHA) |
| Source of classification or shelving scheme |
|
| Koha item type |
Book |